Online katalóg knižníc regiónu Turca

Hriech pátra Moureta / (Record no. 22351)

MARC details
000 -LEADER
fixed length control field 01105nam a22003251a 4500
001 - CONTROL NUMBER
control field 22351
003 - CONTROL NUMBER IDENTIFIER
control field CZ PrNK
005 - DATE AND TIME OF LATEST TRANSACTION
control field 20260326145454.0
007 - PHYSICAL DESCRIPTION FIXED FIELD--GENERAL INFORMATION
fixed length control field ta
008 - FIXED-LENGTH DATA ELEMENTS--GENERAL INFORMATION
fixed length control field 040826s1967 xo e 000 f slo
020 ## - INTERNATIONAL STANDARD BOOK NUMBER
Qualifying information (Váz.)
040 ## - CATALOGING SOURCE
Original cataloging agency ABA001
Language of cataloging cze
Transcribing agency ABA001
Modifying agency ABA001
041 1# - LANGUAGE CODE
Language code of text/sound track or separate title slo
Language code of original fre
072 #7 - SUBJECT CATEGORY CODE
Subject category code 821.133.1-3
Subject category code subdivision Francouzská próza, francouzsky psaná
Source Konspekt
080 ## - UNIVERSAL DECIMAL CLASSIFICATION NUMBER
Universal Decimal Classification number 821.133.1-31
Edition identifier MRF
080 ## - UNIVERSAL DECIMAL CLASSIFICATION NUMBER
Universal Decimal Classification number (0:82-31)
Edition identifier MRF
100 1# - MAIN ENTRY--PERSONAL NAME
Personal name Zola, Émile,
Dates associated with a name 1840-1902
Relationship aut
240 10 - UNIFORM TITLE
Uniform title Faute de l'abbé Mouret.
Language of a work Slovensky
245 10 - TITLE STATEMENT
Title Hriech pátra Moureta /
Statement of responsibility, etc. Emile Zola ; [z francúzskeho originálu La faute de l'abbé Mouret ... preložili Vladimír Dudáš a Anna Haviarová]
250 ## - EDITION STATEMENT
Edition statement 1. vyd.
260 ## - PUBLICATION, DISTRIBUTION, ETC.
Place of publication, distribution, etc. Bratislava :
Name of publisher, distributor, etc. Tatran,
Date of publication, distribution, etc. 1967
300 ## - PHYSICAL DESCRIPTION
Extent 301 s. ;
Dimensions 21 cm
490 1# - SERIES STATEMENT
Series statement Hviezdoslavova knižnica ;
Volume/sequential designation zv. 137
Series statement Svetový rad ;
Volume/sequential designation zv. 60
655 #7 - INDEX TERM--GENRE/FORM
Genre/form data or focus term francouzské romány
Source of term czenas
700 1# - ADDED ENTRY--PERSONAL NAME
Personal name Dudáš, Vladimír,
Dates associated with a name 1935-2011
Relationship trl
700 1# - ADDED ENTRY--PERSONAL NAME
Personal name Haviarová, Anna
Relationship trl
830 #0 - SERIES ADDED ENTRY--UNIFORM TITLE
Uniform title Hviezdoslavova knižnica.
Name of part/section of a work Svetový rad
910 ## - USER-OPTION DATA (OCLC)
User-option data ABA001
942 ## - ADDED ENTRY ELEMENTS (KOHA)
Source of classification or shelving scheme Dewey Decimal Classification
Koha item type Krásna literatúra pre dospelých
Suppress in OPAC No
Holdings
Stav vyradenia Strata Poškodenie Spôsob nadobudnutia Domovská knižnica Aktuálna knižnica Dátum nadobudnutia Total checkouts Čiarový kód exemplára Date last seen Typ exemplára
      Dar Obecná knižnica Horná Štubňa Obecná knižnica Horná Štubňa 26.03.2026   4736201961 26.03.2026 Krásna literatúra pre dospelých
Projekt je podporený Slovenskou asociáciou knižníc
Prevádzkuje Turčianska knižnica Martin 2026